تحميل...
Properties and management of soils in the tropics
| المؤلف الرئيسي: | |
|---|---|
| التنسيق: | Printed Book |
| اللغة: | Undetermined English |
| منشور في: |
New York
John Wiley and Sons
1976
|
| الموضوعات: |
| LEADER | 00607nam a2200181Ia 4500 | ||
|---|---|---|---|
| 008 | 140306s9999 xx 000 0 und d | ||
| 041 | |a eng | ||
| 082 | |a 631 .4 |b SAN/PR | ||
| 100 | |a Sanchez, P A | ||
| 245 | |a Properties and management of soils in the tropics | ||
| 260 | |a New York |b John Wiley and Sons |c 1976 | ||
| 300 | |a 619 | ||
| 365 | |b USD.30 .00 | ||
| 650 | |a Agricultural chemistry | ||
| 650 | |a Soil science | ||
| 942 | |2 ddc |c BK | ||
| 999 | |c 119594 |d 119594 | ||
| 952 | |0 0 |1 0 |2 ddc |4 0 |6 631__400000000000000_SANPR |7 0 |9 118732 |a KAUHCV |b KAUHCV |d 2002-05-05 |g 30.00 |o 631 .4 SAN/PR |p KAU_HCV-4720 |r 2014-03-22 |w 2014-03-22 |y BK | ||